| 000 | 00679cam a2200229 a 4500 | ||
|---|---|---|---|
| 001 | 1387640 | ||
| 005 | 20171228034109.0 | ||
| 008 | 820607s1983 laub b s001 0 eng | ||
| 010 | _a 82004654 | ||
| 020 |
_a0807110523 : _c$25.00 |
||
| 040 |
_aDLC _cDLC _dDLC |
||
| 041 | _aeng | ||
| 043 |
_an-us--- _an-usu-- |
||
| 080 | _a328.730730975 SEI | ||
| 082 | 0 | 0 |
_a328.730730975 SEI _219 |
| 100 | 1 | _a52 | |
| 101 | _aEKO | ||
| 245 | 1 | 4 |
_aThe South returns to Congress : _cTerry L. Seip. |
| 504 | _aBibliography: p. [295]-314. | ||
| 906 |
_a7 _bcbc _corignew _d1 _eocip _f19 _gy-gencatlg |
||
| 942 |
_2ddc _cBK |
||
| 999 |
_c39511 _d39511 |
||